000 00434nam a2200181Ia 4500
001 12832
005 20260306163010.0
008 260306t2000||||xx |||||||||||||| ||spa||
041 _aESP
082 _a343
_bSL V19
100 _aValdivia Cano, Ramiro
_eAUT
245 0 _aDiccionario de derecho electoral peruano
260 _c2000
300 _a371 páginas :
_c
650 _aGEN
654 _aCDE
942 _cDIC
_dJUS
_fJUS
_2ddc
_n
999 _c12832
_d12832